Nostalgia colchagüina
Збережено в:
| Автор: | |
|---|---|
| Формат: | Книга |
| Мова: | Іспанська |
| Опубліковано: |
Santiago
Corporación de Radio Chile
1966
|
| Редагування: | 1a. ed |
| Предмети: | |
| Теги: |
Додати тег
Немає тегів, Будьте першим, хто поставить тег для цього запису!
|
MARC
| LEADER | 00000nam a2200000 a 4500 | ||
|---|---|---|---|
| 001 | UCI1787 | ||
| 003 | CL-VaPUC | ||
| 008 | 070713e19660829CL |||||||||||||||||spa|d | ||
| 082 | 0 | 4 | |a 781.621 |b RAM |2 21 |
| 100 | 0 | |a Ramón, Raúl de |e author |9 522491 | |
| 245 | 1 | 0 | |a Nostalgia colchagüina |
| 250 | |a 1a. ed | ||
| 300 | |a 16 p | ||
| 942 | |c BK | ||
| 945 | |d 20070713 00:00:00 |a castudil | ||
| 260 | |a Santiago |b Corporación de Radio Chile |c 1966 | ||
| 500 | |a Se acompaña con 1 disco de vinilo Long play | ||
| 600 | 0 | 7 | |a LOS DE RAMON |2 CL-VaPUC |9 522492 |
| 650 | 0 | |a Folklore chileno |9 265536 | |
| 650 | 0 | |a Música chilena |9 306643 | |
| 583 | |a last modification |c 20170808 12:05:39 |k Rodrigo Vera | ||
| 999 | |c 326523 |d 326521 | ||
| 952 | |0 0 |1 0 |4 0 |6 781_621000000000000_RAM_1966 |7 0 |8 X |9 408447 |a FDOMLP |b FDOMLP |d 2019-11-22 |i 4324579 |o 781.621 RAM 1966 |p 4324579 |r 2019-11-22 |w 2019-11-22 |y BK_X |k BU2 | ||